|
|
|
|
| LEADER |
00000cam a2200000 7i4500 |
| 001 |
0000001848 |
| 005 |
20020218.0 |
| 090 |
0 |
0 |
|a 363.700218
|b NAT 1973
|
| 110 |
1 |
0 |
|a NATIONAL Conference on Managing the Environment
|k 1973
|
| 245 |
1 |
0 |
|a Fixed vs. variable environmental standards
|c by Robert P. Pikul
|
| 260 |
0 |
0 |
|a (Washington) :
|b The MITRE Corporation ,
|c 1973
|
| 300 |
|
|
|a vi, 39 p. ;
|c 30 cm.
|
| 500 |
0 |
0 |
|a Bibliography : p. 37-39
|
| 650 |
0 |
0 |
|a Environmental protection
|x Standards
|x Congresses
|
| 700 |
0 |
1 |
|a Pikul
|h Robert P.
|
| 998 |
|
|
|a JPSM
|
| 999 |
|
|
|a 0000002896
|b Monograph
|c Open Shelf
|e Default branch
|